Tarbes–Lourdes–Pyrénées Airport Destinations (Lourdes, France) - Statistics

General Stats
  • This quiz has been taken 49 times
    8 since last reset
  • The average score is 6 of 13
Answer Stats
Airline Destination % Correct
Volotea Paris (Orly)
100%
Ryanair London (Stansted)
86%
Ryanair Dublin
71%
Ryanair Rome (Ciampino)
71%
Volotea Rome (Fiumicino)
71%
Ryanair Charleroi
57%
Ryanair Bergamo
43%
Ryanair Kraków
43%
Volotea Lisbon
43%
Ryanair Malta
29%
Volotea Naples
14%
Volotea Catania
0%
Volotea Palermo
0%
No matching quizzes found
Score Distribution
Percent of People with Each Score
Percentile by Number Answered
Your Score History
You have not taken this quiz since the last reset